000 00498nam a22001937a 4500
003 MPLRDC
005 20220104185905.0
008 210129b ||||| |||| 00| 0 eng d
020 _a962-14-3990-1
082 _a415.314 ZZX
100 _a周作新、李洪珊、万明友 编著
245 _a冠心病
_c
250 _a初版一刷
260 _a香港
_b万里机构。得利书局
_c2009
300 _b
490 _a健康6+1
650 _a冠状动脉病
942 _cBK
_o415.314 ZZX
999 _c63532
_d63522